000 00282nam a2200121 i 4500
001 bg
245 0 _aTermodynamika :
_bpouczenie do laboratorium.
_nCz. 1.
260 _aGdaƄsk,
_c1974.
040 _cBPK
041 _apol
942 _cKS
008 s pl f |000 0 pol
999 _c26423
_d26423
856 _uhttp://koha.tu.koszalin.pl/cgi-bin/koha/opac-detail.pl?biblionumber=26423
_yKatalog online BPK